| 000 | 00332nam a2200121Ia 4500 | ||
|---|---|---|---|
| 008 | 210430s9999 xx 000 0 und d | ||
| 082 | _a823 T843 B | ||
| 100 |
_aAnthony Trollope _920487 |
||
| 245 |
_aBarchester Towers _cAnthony Trollope |
||
| 260 |
_aIslamabad _bNational Book Foundation _c1983 |
||
| 300 | _a477p | ||
| 942 |
_cBK _2ddc |
||
| 999 |
_c565367 _d565367 |
||